=LDR 00000nam 2200000 4500 =001 INLIS000000000032536 =005 20211110100429 =035 ##$$a 0010-061300000032536 =008 211110################g##########0#ind## =041 ##$$a ind =082 ##$$a 342 =090 ##$$a 342, Han h =100 1#$$a Handoyo, B. Hestu Cipto =245 1#$$a Hukum tata negara Indonesia menuju konsolidasi sistem emokrasi /$c B. Hestu Cipto Handoyo =260 ##$$a Yogyakarta :$b Universitas Atmajaya,$c 2009 =300 ##$$a xii,437 hlm ; $c 23 x 15 cm =650 #4$$a Hukum Tata Negara =850 ##$$a NBPNMAT =020 ##$$a 978-979-317-42-9 =084 ##$$a 342 HAN h =250 ##$$a cet.1 =990 ##$$a 21002050 =990 ##$$a 21002052 =990 ##$$a 21002051 =990 ##$$a 21002051 =990 ##$$a 21002050 =990 ##$$a 21002052 =990 ##$$a 21002052 =990 ##$$a 21002050 =990 ##$$a 21002051 =990 ##$$a 21002052 =990 ##$$a 21002050 =990 ##$$a 21002051 =990 ##$$a 21002051 =990 ##$$a 21002050 =990 ##$$a 21002052 =990 ##$$a 21002050 =990 ##$$a 21002052 =990 ##$$a 21002051